مكتبة جامعة عجلون الوطنية

فهرس بحث المكتبة

Normal view MARC view
  • اليمن - تاريخ - عصر الائمة

Entry Topical Term

Number of records used in: 1

001 - CONTROL NUMBER

  • control field: 58344

003 - CONTROL NUMBER IDENTIFIER

  • control field: JO-AjAnu

005 - DATE AND TIME OF LATEST TRANSACTION

  • control field: 20230606083540.0

008 - FIXED-LENGTH DATA ELEMENTS

  • fixed length control field: 230606|| aca||aabn | a|a d

040 ## - CATALOGING SOURCE

  • Original cataloging agency: JO-AjAnu
  • Transcribing agency: JO-AjAnu

150 ## - HEADING--TOPICAL TERM

  • Topical term or geographic name entry element: اليمن - تاريخ - عصر الائمة

670 ## - SOURCE DATA FOUND

  • Source citation: Work cat.: (JO-AjAnu)29763: تأليف الارياني،علي بن عبدالله 1323هجري - 1905 ميلادي ؛ دراية وتحقيق محمد عيسى صالحية , author 58343, سيرة الامام محمد بن يحيى حميد الدين المسماة بالدرر المنثور في سيرة الامام المنصور،ج2